000 00608nam a2200229Ia 4500
003 OSt
005 20221007080540.0
006 a|||||r|||| 00| 0
007 ta
008 221006b |||||||| |||| 00| 0 eng d
024 _a10,619
037 _cTextual
040 _aFLL
_cFLL
_beng
041 _2eng
_aeng
082 _aL:394oaQ7, L7
100 _aMahmood Tahir Au.
245 0 _aFamily planning
260 _aNew Delhi
_bVikas publishing house pvt. ltd. India
_c1977
300 _a152p
_ccm.
942 _hL:394oaQ7, L7
_cTEXL
_2CC
999 _c1160060
_d1160060